Top 10 des communes de France par lettre - V - Statistiques

Statistiques générales
  • Ce quiz a été pris 104 fois
  • Le résultat moyen est 5 sur 10
Statistiques - réponses
Région Population Commune % Correct
Bretagne 54.955 Vannes
81%
Auvergne-Rhône-Alpes 162.207 Villeurbanne
79%
Auvergne-Rhône-Alpes 64.288 Valence
78%
Île-de-France 83.918 Versailles
67%
Île-de-France 95.282 Vitry-sur-Seine
53%
Hauts-de-France 62.342 Villeneuve-d'Ascq
48%
Auvergne-Rhône-Alpes 66.701 Vénissieux
44%
Auvergne-Rhône-Alpes 52.448 Vaulx-en-Velin
40%
Île-de-France 48.368 Vincennes
32%
Île-de-France 58.142 Villejuif
20%
Aucun quiz correspondant
Distribution des résultats
% des personnes avec chaque résultat
Percentile par nombre de réponses
Votre historique - résultats
Vous n’avez pas pris ce quiz